| 000 | 01130nam a2200337 a 4500 | ||
|---|---|---|---|
| 001 | 56576 | ||
| 005 | 20230410123649.0 | ||
| 008 | 980507s1997 sp b 000 0 spa | ||
| 010 | _a 98148304 | ||
| 035 | _a(OCoLC)ocm41090554 | ||
| 040 |
_aDLC _cDLC _dPL# |
||
| 019 | _a38257350 | ||
| 020 | _a8481936774 | ||
| 020 | _a9788481936773 | ||
| 035 |
_a(OCoLC)41090554 _z(OCoLC)38257350 |
||
| 043 | _ae-sp--- | ||
| 050 | 1 | 4 |
_aKKT3078 _b.P47 1997 |
| 082 | 0 | 0 |
_a344.46/045 _221 |
| 100 | 1 | _aPérez Gálvez, Juan Francisco. | |
| 245 | 1 | 3 |
_aEl sistema funerario en el derecho español / _cJuan Francisco Pérez Gálvez ; prólogo de Francisco González Navarro e Iñigo del Guayo Castiella. |
| 260 |
_aPamplona : _bAranzadi, _c1997. |
||
| 300 |
_a443 p. ; _c24 cm. |
||
| 440 | 0 |
_aColección Monografías Aranzadi ; _v78 |
|
| 504 | _aIncludes bibliographical references (p. 427-443). | ||
| 650 | 0 |
_aBurial laws _zSpain. |
|
| 653 |
_aExaminadores médicos _aDerecho _aEspaña. |
||
| 653 |
_ajurisprudencia médica _aEspaña. |
||
| 938 |
_aPuvill Libros _bPUVL _n8481936774 _c$49.07 |
||
| 942 |
_2lcc _cbk |
||
| 994 |
_aC0 _bDRFGD |
||
| 999 |
_c65855 _d65855 |
||